• 首页
  • 本馆介绍
  • 公告通知
  • 最新文献
  • 馆藏检索
  • 电子资源
  • 读者荐购
  • 参考咨询
  • CALIS
  • 我的图书馆
  • 登录
  • 详细信息显示
  • 放入我的书架
  • 预约/预借图书
  • 作者相关作品
  • 分类相关作品
  • 丛书相关作品
  • 出版社相关作品

书目信息

  • 表格格式
  • 工作单格式
  • 卡片格式
题名:
梁思成全集
    
 
作者: 梁思成 著
分册: 第四卷  
出版信息: 北京   中国建筑工业出版社  2001.04
页数: 422页
开本: 29cm
丛书名:
单 册:
中图分类: TU-53 , TU-52
科图分类:
主题词: 建筑学
电子资源:
ISBN: 7-112-04428-6
 
 
 
 
 
000 00580nam0 2200205 45
001 0256268989
005 20211208153547.83
010    @a7-112-04428-6@b精装@dRMB 96.00
100    @a20020415d2001 km y0chiy0120 ea
101 0  @achi
102    @aCN@b110000
200 1  @a梁思成全集@ALiang Si Cheng Quan Ji@h第四卷@f梁思成著@Fliang si cheng zhu
210    @a北京@c中国建筑工业出版社@d2001.04
215    @a422页@d29cm
606 0  @a建筑学
690    @aTU-53@v3
690    @aTU-52@v4
701  0 @a梁思成@Aliang si cheng@4著
801  0 @aCN@bPFT@c20020415
905    @a10447@dTU-52@eL410:4
    
    梁思成全集.第四卷/梁思成著.-北京:中国建筑工业出版社,2001.04
    422页;29cm
    
    
    ISBN 7-112-04428-6(精装):RMB 96.00
    
●
相关链接 在E读中查询图书 在当当中查询图书 在豆瓣中查询图书


正题名:梁思成全集     索取号:TU-52/L410:4         预约/预借

序号 登录号 条形码 馆藏地/架位号 状态 备注
1 1503030   215030302   土木与交通工程学院资料室/ [索取号:TU-52/L410:4] 已借出,限还日期为2022.05.13
借出人:范云侠  
 
2 355232   203552324   建筑库101/101建筑库 13排1列4层/ [索取号:TU-52/L410:4] 在馆    
河南城建学院图书馆 欢迎您!
大连网信软件有限公司© 版权所有